000 01385nam a2200169Ia 4500
008 240126s9999 xx 000 0 und d
041 _aEnglish
082 _aPRTC07-1202
100 _aArjun B Patel Chidananda N Muralidhar B L Niranjana S R
245 0 _aHome Control Systems [electronic resource : Project Report]
_bRanjan Chaudhuri
260 _bPESIT, Dept. of TE,
_aBangalore
440 _aNULL
520 _aThe project aims at designing a centralized control system for home appliances by giving instructions through mobile or the internet, implemented using simple and easily available components. Internet or GSM (global system for mobiles) network is used for sending SMS (short message service) or for message transmission. Message receiving side must consist of mobile or a pager. Message received is transferred to microcontroller using the interface circuit. Message is decoded in the microcontroller and accordingly the corresponding relays are activated. Depending on relay positions devices (home appliances such as light, TV, PC, fan etc) are controlled. Through this project we try to attain centralization of houses. The GSM phones act as long remote control to the devices in our houses. We achieve a centralized control system for home with distant
650 _aHome,Control,Systems,resorce,:,Project,Report]
650 _aTelecommunication
942 _cPR
999 _c256758
_d256758